|
|
|
|
| LEADER |
00000nam0a2200000 4500 |
| 001 |
202374 |
| 005 |
20231101225104.0 |
| 035 |
|
|
|a (RuTPU)RU\TPU\book\220531
|
| 090 |
|
|
|a 202374
|
| 100 |
|
|
|a 20111011d1984 k y0rusy50 ca
|
| 101 |
0 |
|
|a rus
|
| 102 |
|
|
|a RU
|
| 105 |
|
|
|a a z 001zy
|
| 200 |
1 |
|
|a Электромеханика и преобразовательная техника
|e [сборник]
|f под ред. В. А. Бейнаровича
|
| 210 |
|
|
|a Томск
|c Изд-во Томского ун-та
|d 1984
|
| 215 |
|
|
|a 184 с.
|c ил.
|
| 316 |
|
|
|5 63413507: КР-2326
|a Между с. 80 и 81 вложен лист с дарственной надписью: "Иван Петрович! В 1980 г. в соавторстве с Вами у нас были написаны статьи. С большим опозданием сборник наконец вышел. Передаем Вам экземпляр сборника. С уважением Б. Коновалов. 04 января 1985 г."
|
| 317 |
|
|
|5 63413507: КР-2326
|a Поступила в НТБ в 2017 г. в составе книжного собрания ректора ТПИ И. П. Чучалина
|
| 320 |
|
|
|a Библиография в конце глав.
|
| 330 |
|
|
|a Межвузовский сборник включает материалы по вопросам автоматизации технологических процессов и установок на основе преобразования и использования электрической энергии. В статьях приведены результаты теоретических и экспериментальных исследований методики расчетов и проектирования, вопросы практической реализации и результаты внедрения новых элементов, устройств и систем автоматизации технологических процессов и установок. Для научных работников, инженеров, аспирантов и студентов старших курсов, специализирующихся в области автоматики, электромеханики, преобразовательной техники.
|
| 606 |
1 |
|
|a Электромеханика
|2 stltpush
|3 (RuTPU)RU\TPU\subj\20251
|9 45364
|
| 606 |
1 |
|
|a Преобразовательная техника
|2 stltpush
|3 (RuTPU)RU\TPU\subj\51390
|9 69985
|
| 610 |
1 |
|
|a технологические процессы
|
| 610 |
1 |
|
|a автоматизация
|
| 610 |
1 |
|
|a электрическая энергия
|
| 610 |
1 |
|
|a использование
|
| 610 |
1 |
|
|a исследования
|
| 610 |
1 |
|
|a расчеты
|
| 610 |
1 |
|
|a проектирование
|
| 610 |
1 |
|
|a внедрение
|
| 610 |
1 |
|
|a сборники
|
| 610 |
1 |
|
|a методика
|
| 610 |
1 |
|
|a коллекция И. П. Чучалина
|
| 610 |
1 |
|
|a труды учёных ТПУ
|
| 610 |
1 |
|
|a дары библиотеке
|
| 610 |
1 |
|
|a дарственные надписи
|
| 675 |
|
|
|a 621.3
|v 3
|
| 675 |
|
|
|a 621.314
|v 3
|
| 702 |
|
1 |
|a Бейнарович
|b В. А.
|c российский ученый
|c профессор Томского политехнического университета
|f 1932-
|g Владислав Александрович
|2 stltpush
|3 (RuTPU)RU\TPU\pers\21946
|4 340
|9 9267
|
| 801 |
|
1 |
|a RU
|b 63413507
|c 20111011
|
| 801 |
|
2 |
|a RU
|b 63413507
|c 20190125
|g RCR
|
| 942 |
|
|
|c BK
|